What science knows about life : an exploration of life sources /

Bibliographic Details
Main Author: Woltereck, Heinz, 1901-
Format: Book
Language:English
German
Published: New York : Association Press, [1963]
Subjects:

MARC

Tag First Indicator Second Indicator Subfields
LEADER 00000cam a22000001 4500
001 in00000044140
005 20151007071004.0
008 730116s1963 nyua 00000 eng
010 |a  63008879  
035 |a (OCoLC)00566468 
035 |9 AAE5102AM 
040 |a DLC  |c DLC  |d TXA  |d UtOrBLW 
041 1 |a eng  |a ger 
049 |a TXAM  |c [365567] 
050 0 0 |a QH309  |b .W583 
082 0 |a 574 
092 |a 574  |b W868w, 1963 
100 1 |a Woltereck, Heinz,  |d 1901- 
240 1 0 |a Dem Leben auf der Spur. English 
245 1 0 |a What science knows about life :  |b an exploration of life sources /  |c Translated by Mervyn Savill. 
264 1 |a New York :  |b Association Press,  |c [1963] 
300 |a 240 pages :  |b illustrations ;  |c 22 cm. 
336 |a text  |b txt  |2 rdacontent 
337 |a unmediated  |b n  |2 rdamedia 
338 |a volume  |b nc  |2 rdacarrier 
500 |a Translation of Dem Leben auf der Spur. 
650 0 |a Biology. 
999 |a MARS 
999 f f |s 0815baaf-2c9c-3541-8a54-bda26d7ccff2  |i 6924626f-d513-3707-8c44-af7f53a78f0e  |t 0 
952 f f |p ric  |a Texas A&M University  |b Rellis Campus  |c Joint Library Facility  |d Remote Storage  |t 0  |e QH309 .W583  |h Library of Congress classification  |i unmediated -- volume  |m A14800971460 
998 f f |a QH309 .W583  |t 0  |l Remote Storage